[Event "It (open) "]
[Site "St. Petersburg (Russia)"]
[Date "2010.06.16"]
[Round "1"]
[White "Alekhin Andrey (RUS)"]
[Black "Sichinava Zviad (RUS)"]
[Result "0-1"]
[WhiteElo "1953"]
[BlackElo "2330"]

1.c4 c5 2.Nc3 Nc6 3.Nf3 g6 4.d4 cxd4 5.Nxd4 Bg7 6.e3 Nf6 7.Be2 O-O 8.O-O d6
9.b3 Bd7 10.Bb2 Rc8 11.Rc1 a6 12.Qd2 Nxd4 13.Qxd4 Bc6 14.Qd2 Qa5 15.Rfd1 Qg5
16.g3 Qf5 17.Nd5 Nxd5 18.Bxg7 Nxe3 19.Qxe3 Kxg7 20.Rd4 Qe5 21.Qd2 f5 22.Re1
Qf6 23.Rh4 Kg8 24.b4 Qf7 25.b5 axb5 26.cxb5 Bd5 27.a4 e5 28.a5 Rfd8 29.a6 bxa6
30.bxa6 Be4 31.f3 Ba8 32.Rb4 d5 33.Reb1 d4 34.Rb6 d3 35.Bd1 Kg7 36.h4 Rc6
37.h5 Qd7 38.h6+ Kh8 39.Qa5 Qd4+ 40.Kh2 f4 41.Rb8 Qf2+ {#R} 0-1

[Event "Memorial Walter Merli (open)"]
[Site "Barrinha (Brazil)"]
[Date "2010.07.02"]
[Round "3"]
[White "Pasqua Mauricio Coragem"]
[Black "Oliveira Henrique (POR)"]
[Result "0-1"]
[WhiteElo "1845"]
[BlackElo "2057"]

1.c4 c5 2.Nc3 Nc6 3.Nf3 e5 4.d3 h6 5.g3 g6 6.Bg2 Bg7 7.O-O Nge7 8.e4 O-O 9.Be3
d6 10.Qc2 Kh7 11.a3 f5 12.Rab1 Be6 13.Nd5 a5 14.Bd2 fxe4 15.dxe4 Bg4 16.Qc3
Bxf3 17.Bxf3 Nxd5 18.cxd5 Nd4 19.Bd1 b5 20.b4 axb4 21.axb4 c4 22.Kg2 Ra7
23.Ra1 Raf7 24.Ra6 h5 25.h4 Qd7 26.Qa3 Nf3 27.Be3 Qg4 28.Bxf3 Rxf3 29.Rxd6
Qxe4 30.Kg1 Qg4 31.Qa7 Rxg3+ 32.fxg3 Qxg3+ 33.Kh1 Qh3+ {#R} 0-1

[Event "It (open)"]
[Site "Chojnice (Poland)"]
[Date "2010.07.16"]
[Round "9"]
[White "Kiedrowicz Jan (POL)"]
[Black "Kulczyk Pawel (POL)"]
[Result "1-0"]
[WhiteElo "2299"]
[BlackElo "2088"]

1.c4 c5 2.Nc3 Nc6 3.Nf3 g6 4.e3 Bg7 5.d4 cxd4 6.exd4 d6 7.d5 Ne5 8.Nxe5 Bxe5
9.Qa4+ Bd7 10.Qb3 Qb6 11.Be3 Qa5 12.Bd2 Qc5 13.Bd3 Nf6 14.h3 O-O 15.a4 Qd4
16.Ne2 Qh4 17.g3 Qh5 18.f4 Bxb2 19.Ra2 Qf3 20.Rf1 Qg2 21.Qxb2 Bxh3 22.Rg1 Qf3
23.Qd4 Ng4 24.Be3 f6 25.Be4 Qxe3 26.Rh1 {#r} 1-0

[Event "Ch Czech Republic (team) (open)"]
[Site "Pardubice (Czech Republic)"]
[Date "2010.07.16"]
[Round "3"]
[White "Prokopchuk Evgeny (RUS)"]
[Black "Novotny Jaroslav (CZE)"]
[Result "1-0"]
[WhiteElo "2522"]
[BlackElo "2046"]

1.c4 c5 2.Nc3 Nc6 3.Nf3 e5 4.g3 Nf6 5.Bg2 Be7 6.O-O d6 7.d3 O-O 8.a3 Bd7 9.Rb1
a5 10.Bg5 Rb8 11.Ne1 Ne8 12.Bxe7 Qxe7 13.Nc2 Nc7 14.b4 b6 15.Ne3 Rfc8 16.Ned5
Nxd5 17.Nxd5 Qd8 18.Qd2 Be6 19.bxa5 bxa5 20.e3 Bd7 21.Rb5 a4 22.Rfb1 Rxb5
23.cxb5 Na7 24.b6 Nb5 25.Rxb5 Bxb5 26.Qa5 Bd7 27.Qa7 Kf8 28.b7 Rb8 29.Nb6 Bb5
30.Bd5 Ke7 31.Nc8+ {#r} 1-0

[Event "It (open)"]
[Site "Dortmund (Germany)"]
[Date "2010.07.20"]
[Round "4"]
[White "Harff Marcel (GER)"]
[Black "Thanabalasingam Ajandhan (GER)"]
[Result "0-1"]
[WhiteElo "2162"]
[BlackElo "2009"]

1.c4 c5 2.Nc3 Nc6 3.e3 Nf6 4.Nf3 g6 5.a3 Bg7 6.Rb1 d5 7.b4 Bf5 8.Rb3 O-O
9.bxc5 Na5 10.Rb4 dxc4 11.Bxc4 Nd7 12.d4 Nxc5 13.Be2 Rc8 14.Bd2 Nd3+ 15.Bxd3
Bxd3 16.Ne2 e5 17.O-O Bc2 18.Qe1 e4 19.Ne5 f6 20.Rb2 b6 21.Bxa5 bxa5 22.Nc3
fxe5 23.Rxc2 exd4 24.exd4 Bxd4 25.Rc1 e3 26.Kh1 exf2 27.Qe6+ Kh8 28.Ne2 Rxc1
29.Nxc1 Re8 30.Qc4 Re1 31.Nb3 Rxf1+ 32.Qxf1 Qe7 {#R} 0-1

[Event "It (open)"]
[Site "Paleochora (Greece)"]
[Date "2010.07.27"]
[Round "7"]
[White "Contin Daniel (ITA)"]
[Black "Malmberg Mio (SWE)"]
[Result "0-1"]
[WhiteElo "2297"]
[BlackElo "2098"]

1.c4 c5 2.Nc3 Nc6 3.Nf3 e5 4.e3 Nf6 5.d4 cxd4 6.exd4 e4 7.Ng5 Bb4 8.d5 h6
9.Nxf7 Kxf7 10.dxc6 Bxc3+ 11.bxc3 dxc6 12.Qb3 c5 13.Be2 Qc7 14.Rb1 b6 15.h3
Re8 16.Be3 Bf5 17.a4 Re6 18.Rd1 Kg8 19.g4 Bg6 20.h4 Rf8 21.g5 Nh5 22.Bg4 Re7
23.gxh6 Rxf2 24.Bxh5 Rg2 25.Rh3 Bxh5 26.Rd2 Rg3 27.Rd8+ Kh7 28.Rxg3 Qxg3+
29.Kd2 Rf7 30.Qc2 Qf3 31.Bg5 gxh6 32.Kc1 hxg5 33.Kb2 gxh4 34.a5 h3 35.Ka3 Bg6
36.Qd2 Qg3 37.a6 h2 38.Ka4 h1=Q 39.Kb5 e3 40.Qb2 Qb1 41.Ka4 b5+ 42.cxb5 Qxb2
43.b6 Qg1 44.b7 Qga1# 0-1

[Event "It (open)"]
[Site "Anapa (Russia)"]
[Date "2010.09.02"]
[Round "2"]
[White "Evdokimenko Valentin (RUS)"]
[Black "Poliushkina Darjia (RUS)"]
[Result "1-0"]
[WhiteElo "2304"]
[BlackElo "1918"]

1.c4 c5 2.Nc3 Nc6 3.Nf3 g6 4.d4 cxd4 5.Nxd4 Bg7 6.e3 Nf6 7.Be2 O-O 8.O-O a6
9.Nc2 d6 10.e4 Bd7 11.Be3 Rc8 12.b3 Ng4 13.Bd2 Nf6 14.Rc1 Be6 15.f3 Nd7 16.Kh1
Nd4 17.Nb4 Nc5 18.Be3 Nxe2 19.Nxe2 Qa5 20.Qd2 Rfd8 21.Nd4 Bd7 22.Rfd1 b5
23.Nd5 Qxd2 24.Rxd2 Kf8 25.Nb6 Rc7 26.cxb5 Bxd4 27.Bxd4 axb5 28.e5 Rb7 29.exd6
exd6 30.Bf6 Re8 31.Rxd6 Bc8 32.Nxc8 Rxc8 33.Rxc5 Ra8 34.Rcd5 {#r} 1-0

[Event "It (open)"]
[Site "Goch (Germany)"]
[Date "2010.10.01"]
[Round "2"]
[White "Harff Marcel (GER)"]
[Black "Koch Frank (GER)"]
[Result "1-0"]
[WhiteElo "2162"]
[BlackElo "2041"]

1.c4 c5 2.Nc3 Nc6 3.a3 g6 4.Rb1 a5 5.g3 Bg7 6.Bg2 e5 7.d3 Nge7 8.h4 h6 9.h5 g5
10.f4 g4 11.e4 exf4 12.gxf4 d6 13.f5 Ne5 14.Bf4 N7c6 15.Nd5 Rb8 16.a4 Bd7
17.Ne2 Nb4 18.Nxb4 axb4 19.b3 Qe7 20.Ng3 Kd8 21.Qe2 Kc7 22.Nf1 Bf6 23.Ne3 Bc6
24.Nxg4 Nxg4 25.Qxg4 Rhg8 26.Qe2 Bg5 27.Bh2 Qf6 28.O-O Rbe8 29.Kh1 Qe7 30.Qf2
Kb6 31.f6 Qd8 32.Rbe1 Re6 33.d4 Rxf6 34.dxc5+ dxc5 35.a5+ Ka6 36.Qxc5 Rxf1+
37.Bxf1 Qxa5 38.Qxa5+ Kxa5 39.Bc7+ {#r} 1-0

[Event "Ch Belgrade (team) (qual. liga)"]
[Site "Belgrade (Serbia)"]
[Date "2010.10.09"]
[Round "1"]
[White "Gvozdenovic Rade B (SRB)"]
[Black "Markovic Nikola (SRB)"]
[Result "0-1"]
[WhiteElo "2057"]
[BlackElo "2098"]

1.c4 c5 2.Nc3 Nc6 3.Nf3 g6 4.b3 Bg7 5.Bb2 d6 6.e3 Bf5 7.Be2 e5 8.d3 Nge7 9.O-O
O-O 10.Qd2 Be6 11.Ng5 Bc8 12.f4 exf4 13.Rxf4 Nf5 14.Nge4 Nxe3 15.Nb5 Nf5
16.Bxg7 Kxg7 17.g4 Nfd4 18.Nbxd6 b6 19.Raf1 Be6 20.Bd1 Qe7 21.g5 Rad8 22.Qf2
Rxd6 23.Qh4 Nf5 24.Rxf5 Bxf5 25.Qh6+ Kh8 26.Rxf5 gxf5 27.Nxd6 Rg8 {#R} 0-1

[Event "It (open)"]
[Site "Bad Wiessee (Germany)"]
[Date "2010.11.07"]
[Round "9"]
[White "Rivas Pastor Manuel (ESP)"]
[Black "Ringoir Tanguy (BEL)"]
[Result "1-0"]
[WhiteElo "2529"]
[BlackElo "2379"]

1.c4 c5 2.Nc3 Nc6 3.Nf3 g6 4.e3 Bg7 5.d4 d6 6.Be2 Nf6 7.d5 Ne5 8.Nxe5 dxe5
9.e4 O-O 10.Be3 b6 11.a3 a5 12.O-O Ne8 13.b4 axb4 14.axb4 Rxa1 15.Qxa1 cxb4
16.Na4 b5 17.cxb5 Nd6 18.Nc5 f5 19.Qa4 f4 20.Bd2 g5 21.Qxb4 g4 22.b6 f3 23.Bd1
Nb7 24.Nxb7 Bxb7 25.Ba4 {#r} 1-0

[Event "It (cat.2)"]
[Site "Kecskemet (Hungary)"]
[Date "2010.12.30"]
[Round "5"]
[White "Erdelyi Tamas (HUN)"]
[Black "Peredy Ferenc (HUN)"]
[Result "1-0"]
[WhiteElo "2164"]
[BlackElo "2205"]

1.c4 c5 2.Nc3 Nc6 3.Nf3 g6 4.d4 cxd4 5.Nxd4 Bg7 6.Nc2 d6 7.g3 Nf6 8.Bg2 O-O
9.O-O Bd7 10.b3 Qc8 11.Bb2 Bh3 12.Ne3 Bxg2 13.Kxg2 Ne4 14.Qc2 Nxc3 15.Bxc3
Bxc3 16.Qxc3 Ne5 17.Nd5 Re8 18.Rac1 Qc6 19.e4 f6 20.f4 Nf7 21.h4 Rac8 22.a4 b6
23.h5 Kg7 24.hxg6 hxg6 25.Qd4 Qc5 26.Qb2 a6 27.g4 g5 28.fxg5 Nxg5 29.Nxf6 exf6
30.Qxf6+ Kg8 31.Qg6+ {#r} 1-0

[Event "Ch Poland (team) (3 liga)"]
[Site "Poland"]
[Round "3"]
[White "Steczek Marcin (POL)"]
[Black "Kapral Krzysztof (POL)"]
[Result "1-0"]
[WhiteElo "2408"]
[BlackElo "2172"]

1.c4 c5 2.Nc3 Nc6 3.Nf3 g6 4.d4 cxd4 5.Nxd4 Bg7 6.e3 Nf6 7.Be2 O-O 8.O-O d5
9.cxd5 Nxd5 10.Nxd5 Qxd5 11.Bf3 Qd8 12.Nxc6 bxc6 13.Qc2 Rb8 14.Rb1 Qa5 15.b3
Rd8 16.e4 Ba6 17.Be2 Bxe2 18.Qxe2 Bd4 19.Bf4 Rb7 20.Rbc1 c5 21.Rc4 Kg7 22.g3
e5 23.Bg5 Rd6 24.Kg2 Rbd7 25.Bc1 Qb5 26.Qc2 Rb7 27.Ba3 Rc7 28.Rd1 Rf6 29.Rd2
Ra6 30.Bc1 Rb7 31.Re2 Qc6 32.Bd2 Qe6 33.Qc1 f5 34.Bh6+ Kg8 35.Rxc5 Bxc5
36.Qxc5 Rb8 37.Qc7 {#r} 1-0

[Event "It (open) "]
[Site "Heraklio (Greece)"]
[Date "2011.01.07"]
[Round "5"]
[White "Nikolaidis Ioannis (GRE)"]
[Black "Kounalakis Evryklis (GRE)"]
[Result "1-0"]
[WhiteElo "2554"]
[BlackElo "2181"]

1.c4 c5 2.Nc3 Nc6 3.Nf3 e5 4.e3 Nf6 5.d4 cxd4 6.exd4 e4 7.Ne5 Bb4 8.Be2 Qa5
9.Nxc6 dxc6 10.O-O O-O 11.Bd2 Rd8 12.a3 Bxc3 13.Bxc3 Qg5 14.Qc1 Qg6 15.Re1 h5
16.Qf4 Bg4 17.Bf1 Re8 18.Re3 Nh7 19.h3 Bd7 20.Rae1 Qf5 21.Rxe4 Qxf4 22.Rxf4
Rxe1 23.Bxe1 Re8 24.Bc3 Ng5 25.f3 f5 26.d5 c5 27.Rh4 g6 28.Kf2 Kf7 29.Bd3 b6
30.b4 a6 31.Rf4 Nh7 32.g4 g5 33.Rxf5+ Bxf5 34.Bxf5 Nf6 35.bxc5 bxc5 36.Bd2
hxg4 37.hxg4 Rb8 38.Bxg5 Rb3 39.d6 Rxa3 40.d7 Nxd7 41.Bxd7 Rc3 42.Bc6 Kg6
43.Bd2 Rxc4 44.f4 Kg7 45.Ke3 Kf8 46.g5 Rd4 47.f5 Rd6 48.Be4 Rb6 49.Bd5 {#r}
1-0

[Event "It (cat.2) (b)"]
[Site "Marianske Lazne (Czech Republic)"]
[Date "2011.01.20"]
[Round "7"]
[White "Plischki Sebastian (GER)"]
[Black "Donchenko Alexander (GER)"]
[Result "1-0"]
[WhiteElo "2343"]
[BlackElo "2310"]

1.c4 c5 2.Nc3 Nc6 3.Nf3 g6 4.e3 Nf6 5.d4 cxd4 6.exd4 d5 7.cxd5 Nxd5 8.Qb3 Nxc3
9.Bc4 Nd5 10.Bxd5 e6 11.Bxc6+ bxc6 12.O-O Bg7 13.Bg5 Qd6 14.Qe3 O-O 15.Bh6 Rd8
16.Bxg7 Kxg7 17.Rac1 Ba6 18.Rfe1 Rac8 19.Rc5 Rc7 20.Rec1 Bb7 21.b4 Qe7 22.b5
Rd5 23.h4 h5 24.Rxd5 exd5 25.Qxe7 Rxe7 26.bxc6 Rc7 27.Ne5 f6 28.Rc5 fxe5
29.cxb7 Rxb7 30.dxe5 Rd7 31.e6 Rd6 32.Rc7+ Kf8 33.e7+ Ke8 34.Rxa7 d4 35.Kf1
Re6 36.Ra4 Re4 37.g3 Kxe7 38.Rb4 Ke6 39.a4 Kd5 40.a5 Kc5 41.Ra4 Kb5 42.Ra3 Re6
43.f3 Ka6 44.Ra4 d3 45.Ra2 Kb5 46.Kf2 Ra6 47.Ke3 Kc4 48.Kd2 Re6 49.Ra4+ Kb5
50.Re4 Rd6 51.Re5+ Kc4 52.Re3 Ra6 53.Re4+ Kb5 54.Kxd3 Kxa5 55.Ke3 Rf6 56.g4
hxg4 57.fxg4 Kb6 58.Rc4 Rf1 59.Ke4 Rh1 60.Kf4 Kb5 61.Rc8 Rxh4 62.Kg5 Rh2
63.Kxg6 {#r} 1-0

[Event "It (open)"]
[Site "Nova Gorica (Slovenia)"]
[Date "2011.01.28"]
[Round "1"]
[White "Golubovic Boris (CRO)"]
[Black "Cokan Mirko (SLO)"]
[Result "1-0"]
[WhiteElo "2416"]
[BlackElo "1838"]

1.c4 c5 2.Nc3 Nc6 3.Nf3 g6 4.e3 Bg7 5.d4 d6 6.Be2 e6 7.O-O Nge7 8.dxc5 dxc5
9.Ne4 O-O 10.Nxc5 b6 11.Nb3 Qc7 12.a3 Bb7 13.Qc2 Rac8 14.Rb1 a6 15.Nbd2 Rfd8
16.b3 Ne5 17.Bb2 b5 18.Rfd1 Rd7 19.Bxe5 Bxe5 20.Nxe5 Qxe5 21.Nf3 Rxd1+ 22.Rxd1
Bxf3 23.Bxf3 bxc4 24.bxc4 Rc5 25.Qa4 Kg7 26.Qxa6 Ra5 27.Qb7 Nf5 28.Qb4 Rc5
29.Rc1 Qc7 30.Be2 f6 31.a4 Nd6 32.h3 Nf5 33.Rb1 Qe5 34.Qb8 Nd6 35.Rd1 Nf7
36.Qxe5 Nxe5 37.Ra1 Nc6 38.Kf1 f5 39.Ke1 e5 40.Kd2 Kf6 41.Rb1 Ke6 42.Rb5 Kd6
43.Kc3 h6 44.g4 Ne7 45.a5 Rxb5 46.cxb5 Kc5 47.gxf5 gxf5 48.b6 Nc6 49.b7 Kd6
50.Bb5 Nb8 51.Kc4 h5 52.a6 {#r} 1-0

[Event "Cup "]
[Site "Cakovec (Croatia)"]
[Date "2011.02.27"]
[Round "4"]
[White "Vucko Joze"]
[Black "Vidovic Sasa (CRO)"]
[Result "0-1"]
[WhiteElo "2018"]
[BlackElo "2360"]

1.c4 c5 2.Nc3 Nc6 3.e3 g6 4.d4 Bg7 5.d5 Nb4 6.a3 Na6 7.Bd3 Nf6 8.e4 d6 9.f4
O-O 10.Nf3 e6 11.O-O exd5 12.cxd5 Nc7 13.h3 Rb8 14.a4 a6 15.a5 b5 16.axb6 Rxb6
17.Bc4 Rb4 18.Qd3 Re8 19.b3 Nxe4 20.Nxe4 Bf5 21.Ra3 Bxe4 22.Qd1 Qc8 23.Bd2 Rb8
24.Ba5 Nb5 25.Ra2 Qb7 26.Ng5 Bd4+ 27.Kh1 Bxd5 28.f5 Re5 29.Qg4 f6 30.Ne6 g5
31.h4 h6 32.Qh5 Qf7 33.Qxh6 Qh7 34.Qxh7+ Kxh7 35.hxg5 Rh8 36.Kh2 Bxe6 37.Bxe6
fxg5 38.Rf3 g4 39.Rf4 Kg7+ 40.Kg3 Re3+ 41.Kxg4 Be5 42.f6+ {#R} 0-1

[Event "Tournament "]
[Site "St. Petersburg (Russia)"]
[Date "2011.03.28"]
[Round "6"]
[White "Pshenichny Vladimir (RUS)"]
[Black "Stroganov Anatoly (RUS)"]
[Result "1-0"]
[WhiteElo "2016"]
[BlackElo "1833"]

1.c4 c5 2.Nc3 Nc6 3.Nf3 e6 4.d4 cxd4 5.Nxd4 a6 6.e4 Qc7 7.Be2 d6 8.O-O Nf6
9.Be3 Be7 10.Rc1 O-O 11.Nxc6 bxc6 12.Qd2 Bb7 13.f3 Rfe8 14.Qc2 c5 15.f4 Bf8
16.Bf3 Nd7 17.Rce1 Rab8 18.Bf2 Bc6 19.Bg3 g6 20.e5 Bxf3 21.Rxf3 Bg7 22.Ne4
dxe5 23.fxe5 Re7 24.Nf6+ Kh8 25.Qd2 Nf8 26.Rd3 Rb7 27.Bf4 Nd7 28.Rd1 Nf8
29.Rd8 Rb8 30.Rd6 Qb7 31.b3 Ra8 32.Bg5 Rc7 33.Bh6 Rac8 34.Qg5 a5 35.Bxg7+ Kxg7
36.Ng4 Nd7 37.Qh6+ Kh8 38.Nf6 Nf8 39.Rd8 Rxd8 40.Rxd8 Rc8 41.Qxh7# 1-0

[Event "It "]
[Site "Skopje (Macedonia)"]
[Date "2011.04.07"]
[Round "7"]
[White "Vasovski Nikola (MKD)"]
[Black "Ilic Ljubomir (MKD)"]
[Result "1-0"]
[WhiteElo "2299"]
[BlackElo "2203"]

1.c4 c5 2.Nc3 Nc6 3.e3 g6 4.d4 cxd4 5.exd4 Bg7 6.Nf3 d6 7.Be2 Nf6 8.d5 Ne5
9.Nxe5 dxe5 10.c5 O-O 11.O-O e6 12.d6 Bd7 13.b4 a6 14.Bb2 Bc6 15.a4 Nd5 16.b5
Nxc3 17.Bxc3 Bd5 18.bxa6 bxa6 19.Qd2 Qd7 20.Qe3 Rfc8 21.Rfc1 Qa7 22.Ba5 e4
23.Rab1 Qd7 24.Rb4 Bf6 25.Bb6 a5 26.Rxe4 Bd8 27.Bxd8 Rxd8 28.Bb5 Qa7 29.Rh4
{#r} 1-0

[Event "It (open)"]
[Site "Karlovy Vary (Czech Republic)"]
[Date "2011.05.02"]
[Round "7"]
[White "Pribyl Jaroslav (CZE)"]
[Black "Gruss Petr (CZE)"]
[Result "1-0"]
[WhiteElo "2018"]
[BlackElo "1838"]

1.c4 c5 2.Nc3 Nc6 3.Nf3 e6 4.d4 cxd4 5.Nxd4 Be7 6.e4 Qb6 7.Nb3 Bf6 8.Be3 Bxc3+
9.bxc3 Qc7 10.Be2 Nf6 11.f3 O-O 12.Bc5 Re8 13.Bd6 Qd8 14.O-O e5 15.c5 Na5
16.Qd2 Nxb3 17.axb3 g6 18.Qg5 Kg7 19.Bxe5 h6 20.Qf4 b6 21.Bxf6+ Qxf6 22.Qxf6+
Kxf6 23.cxb6 Re6 24.bxa7 Rc6 25.Ra5 Rxc3 26.Bc4 Bb7 27.Rfa1 Ke7 28.Rb5 Bc6
29.Rb8 {#r} 1-0

[Event "It (open) "]
[Site "Athens (Greece)"]
[Date "2011.05.14"]
[Round "3"]
[White "Makkas Panayiotis (GRE)"]
[Black "Delithanasis Dimitrios (GRE)"]
[Result "0-1"]
[WhiteElo "1930"]
[BlackElo "2128"]

1.c4 c5 2.Nc3 Nc6 3.Nf3 e5 4.e4 g6 5.d3 Bg7 6.g3 d6 7.Bg2 h6 8.Rb1 Be6 9.a3
Qd7 10.b4 b6 11.b5 Nce7 12.Bd2 Nf6 13.O-O O-O 14.Ne1 Rab8 15.Nc2 Ne8 16.Ne3
Nc7 17.Qe2 f5 18.Ned5 f4 19.Nxc7 Qxc7 20.Nd5 Nxd5 21.cxd5 Bd7 22.f3 Qd8 23.Rb3
h5 24.g4 hxg4 25.fxg4 Bf6 26.Qf3 Kg7 27.Kf2 Qc8 28.h3 Bh4+ 29.Kg1 Rh8 30.Rc1
Qe8 31.Rcb1 Bg3 32.a4 Rh4 33.Be1 Bxe1 34.Rxe1 a6 35.Qf2 Rh8 36.Qb2 a5 37.Rf1
g5 38.Rf3 Rh4 39.Qe2 Qg6 40.Rb1 Rbh8 41.Kf2 Qe8 42.Ke1 Qc8 43.Kd2 R8h6 44.Rc1
Kf6 45.Qf2 Qe8 46.Rb1 Qh8 47.Kc3 Rxh3 48.Rxh3 Rxh3 49.Bxh3 Qxh3 50.Rg1 Bxg4
51.Qg2 Qxg2 52.Rxg2 Bh3 53.Rh2 g4 54.Kd2 Kg5 55.Ke2 Kh4 56.Rh1 Kg3 57.Rg1+ Bg2
58.Rc1 f3+ 59.Ke3 f2 {#R} 0-1

[Event "Ch SibFO (open)"]
[Site "Barnaul (Russia)"]
[Date "2011.05.26"]
[Round "7"]
[White "Khatnikov Alexandr (RUS)"]
[Black "Sadovskiy Danila (RUS)"]
[Result "1-0"]
[WhiteElo "2035"]
[BlackElo "1820"]

1.c4 c5 2.Nc3 Nc6 3.Nf3 g6 4.e3 Bg7 5.d4 cxd4 6.exd4 d6 7.d5 Ne5 8.Nxe5 Bxe5
9.Be2 Bg7 10.O-O Nf6 11.Be3 O-O 12.Qd2 Bf5 13.Bd4 h5 14.Rac1 a6 15.Rfd1 Rc8
16.Qf4 Bd7 17.Bd3 Kh7 18.Qh4 Kg8 19.Re1 Re8 20.Qf4 Qa5 21.Rb1 Qd8 22.Re3 Ng4
23.Bxg7 Kxg7 24.Qd4+ Kg8 25.Rg3 Ne5 26.Be2 Bg4 27.f3 Bf5 28.Re1 Qc7 29.b3 b5
30.f4 Ng4 31.h3 Nf6 32.cxb5 axb5 33.Bxb5 Red8 34.Rge3 Kg7 35.Bc6 e6 36.b4 Rb8
37.b5 Qa5 38.a4 Rb6 39.Nd1 exd5 40.Bxd5 Rd7 41.Nc3 Rc7 42.Bb3 d5 43.Nxd5 Rd6
44.Re7 Rxe7 45.Rxe7 Qd8 46.Nxf6 Qxe7 47.Nxh5+ {#r} 1-0

[Event "It (open)"]
[Site "Ascot (England)"]
[Date "2011.05.30"]
[Round "7"]
[White "Costello Colin (ENG)"]
[Black "Bonafont Philip (ENG)"]
[Result "0-1"]
[WhiteElo "1965"]
[BlackElo "2113"]

1.c4 c5 2.Nc3 Nc6 3.Nf3 e5 4.e3 Nf6 5.d4 cxd4 6.exd4 e4 7.Ne5 Bb4 8.Nxc6 dxc6
9.Be2 Qa5 10.O-O Bxc3 11.bxc3 Qxc3 12.Bg5 Be6 13.Rb1 O-O 14.Rb3 Qa5 15.Bxf6
gxf6 16.Rg3+ Kh8 17.d5 cxd5 18.Qd4 Qd8 19.cxd5 Bxd5 20.Rd1 Bc6 21.Qe3 Qe7
22.Bg4 Rg8 23.Bf5 Rxg3 24.hxg3 Qe5 25.g4 Kg7 26.Qh3 h6 27.Qe3 h5 28.Rd4 Re8
29.Rc4 hxg4 30.Bxg4 Rh8 31.Bh3 Rd8 32.Rc1 Qg5 33.Qc3 Rd3 34.Qc5 Rd1+ {#R} 0-1

[Event "It (open)"]
[Site "Tres Cantos (Spain)"]
[Date "2011.06.22"]
[Round "1"]
[White "Lopez De Turiso Jose Angel (ESP)"]
[Black "Corral Sanchez Jesus (ESP)"]
[Result "1-0"]
[WhiteElo "2065"]
[BlackElo "1673"]

1.c4 c5 2.Nc3 Nc6 3.Nf3 g6 4.e3 Bg7 5.d4 d6 6.Be2 e6 7.b3 a6 8.Bb2 Qc7 9.dxc5
dxc5 10.Nd5 exd5 11.Bxg7 Be6 12.Bxh8 f6 13.cxd5 O-O-O 14.e4 Ne5 15.O-O Nf7
16.Bg7 Kb8 17.Rc1 Bg4 18.b4 Bxf3 19.Bxf3 Ne5 20.Bh8 h5 21.bxc5 Qh7 22.Qa4 Qxh8
23.c6 {#r} 1-0

[Event "It "]
[Site "Bad Homburg (Germany)"]
[Date "2011.06.23"]
[Round "3"]
[White "Zilch Lothar (GER)"]
[Black "Feldtmann Thomas (GER)"]
[Result "0-1"]
[WhiteElo "1975"]
[BlackElo "2289"]

1.c4 c5 2.Nc3 Nc6 3.Nf3 e5 4.e3 Nf6 5.d3 Be7 6.g3 d5 7.cxd5 Nxd5 8.a3 Bg4
9.Be2 Bh3 10.Bf1 Bxf1 11.Kxf1 Nxc3 12.bxc3 e4 13.Ne1 exd3 14.Qxd3 Qxd3+
15.Nxd3 O-O-O 16.Ke2 c4 17.Nb4 Nxb4 18.axb4 Rd3 19.Bb2 Rhd8 20.Rhd1 Rxd1
21.Rxd1 Rxd1 22.Kxd1 f5 23.Ke2 Kd7 24.e4 Ke6 25.Ke3 Bf6 26.f4 b5 27.h3 h5
28.Kf3 g6 29.Ba1 Bd8 30.Bb2 a5 31.bxa5 Bxa5 32.Ke3 Bd8 33.Ba3 Bb6+ 34.Kf3 Ba5
35.Bb2 b4 36.cxb4 Bxb4 37.Ke3 Be1 38.e5 Bxg3 39.Bc3 g5 40.fxg5 Bxe5 41.Bxe5
Kxe5 {#R} 0-1

[Event "It (open)"]
[Site "Lazy (Poland)"]
[Date "2011.06.25"]
[Round "1"]
[White "Heberla Bartlomiej (POL)"]
[Black "Nowicki Bartosz (POL)"]
[Result "1-0"]
[WhiteElo "2527"]
[BlackElo "2133"]

1.c4 c5 2.Nc3 Nc6 3.Nf3 g6 4.e3 Bg7 5.d4 cxd4 6.exd4 d6 7.d5 Ne5 8.Nxe5 Bxe5
9.Bd3 Bg7 10.O-O Nf6 11.Bg5 O-O 12.Qd2 a5 13.Bh6 Nd7 14.Rfe1 Nc5 15.Bc2 Re8
16.Bxg7 Kxg7 17.Re3 Bd7 18.Rae1 Rc8 19.h4 e5 20.dxe6 Bxe6 21.h5 Qh4 22.Nd5 Nd7
23.Ba4 Ne5 24.Re4 Qxh5 25.Bxe8 Rxe8 26.Nc7 Re7 27.Qxd6 Nf3+ 28.gxf3 Qg5+
29.Rg4 Bxg4 30.Qxe7 Qh5 31.Ne8+ Kh6 32.Nf6 {#r} 1-0

[Event "It (open)"]
[Site "Klatovy (Czech Republic)"]
[Date "2011.07.02"]
[Round "1"]
[White "Hausner Ivan (CZE)"]
[Black "Richter Martin (CZE)"]
[Result "1-0"]
[WhiteElo "2405"]
[BlackElo "2012"]

1.c4 c5 2.Nc3 Nc6 3.Nf3 g6 4.e3 Bg7 5.d4 cxd4 6.exd4 d6 7.d5 Ne5 8.Nxe5 Bxe5
9.Be2 Bg7 10.Be3 Nf6 11.O-O O-O 12.Rc1 b6 13.Nb5 Bb7 14.Nd4 Qd7 15.Bf3 Rfe8
16.Re1 e5 17.dxe6 fxe6 18.Bxb7 Qxb7 19.Nb5 Red8 20.Bg5 Qd7 21.Qb3 Rac8 22.Rcd1
Qe7 23.Qh3 Rxc4 24.Rxe6 Qf8 25.Qf3 Rc5 26.Bxf6 Rf5 27.Qb3 Qf7 28.Bxd8 Rxb5
29.Re8+ {#r} 1-0

[Event "Ch Paris (open)"]
[Site "Paris (France)"]
[Date "2011.07.05"]
[Round "4"]
[White "David Alberto (LUX)"]
[Black "Fayard Alain (FRA)"]
[Result "1-0"]
[WhiteElo "2597"]
[BlackElo "2237"]

1.c4 c5 2.Nc3 Nc6 3.Nf3 g6 4.e3 Nf6 5.d4 cxd4 6.exd4 d5 7.cxd5 Nxd5 8.Qb3 e6
9.Bb5 Bg7 10.Bg5 f6 11.Be3 O-O 12.O-O Nce7 13.Rfe1 a6 14.Bc4 b5 15.Bd3 Re8
16.Bd2 Ra7 17.Ne4 Nf5 18.Nc5 Qd6 19.Rac1 Bf8 20.a4 bxa4 21.Qxa4 Ng7 22.b4 Qb8
23.Qb3 Bd6 24.Bc4 Nc7 25.Ne4 Be7 26.Bf4 Qb6 27.d5 f5 28.Be3 Qb7 29.Nc5 Bxc5
30.Bxc5 Ra8 31.d6 Nb5 32.Qe3 Bd7 33.Qh6 {#r} 1-0

[Event "It (open)"]
[Site "Stare Mesto (Czech Republic)"]
[Date "2011.08.17"]
[Round "7"]
[White "Krizek Frantisek (CZE)"]
[Black "Burda Josef (CZE)"]
[Result "1-0"]
[WhiteElo "2018"]
[BlackElo "1906"]

1.c4 c5 2.Nc3 Nc6 3.Nf3 g6 4.d4 cxd4 5.Nxd4 Bg7 6.Nb3 Nf6 7.e4 O-O 8.Be2 d6
9.O-O Ne5 10.c5 dxc5 11.Qxd8 Rxd8 12.Nxc5 b6 13.Bf4 Nfd7 14.Nxd7 Bxd7 15.Nd5
Kf8 16.Nc7 Rab8 17.Rac1 Bc8 18.Na6 Rb7 19.b3 Rbd7 20.Nb8 Bb7 21.Nxd7+ Rxd7
22.Rfd1 Rxd1+ 23.Rxd1 Nc6 24.Rd7 e5 25.Bd2 Bc8 26.Rc7 Nd4 27.Rxc8+ {#r} 1-0

[Event "Ch Region (open)"]
[Site "Angarsk (Russia)"]
[Date "2011.10.25"]
[Round "4"]
[White "Kuzmin Ilya (RUS)"]
[Black "Shelk Alexander (RUS)"]
[Result "0-1"]
[WhiteElo "1073"]
[BlackElo "2362"]

1.c4 c5 2.Nc3 Nc6 3.Nf3 g6 4.e3 Nf6 5.d4 cxd4 6.Nxd4 Bg7 7.Nc2 O-O 8.Be2 d6
9.O-O Be6 10.Nd5 Rc8 11.Rb1 Bxd5 12.cxd5 Ne5 13.f4 Nc4 14.Bf3 Qa5 15.a3 Nb6
16.e4 Na4 17.Be3 Qc7 18.Nd4 Nc5 19.Nb5 Qb8 20.b4 Ncxe4 21.Bxa7 Nc3 22.Bxb8
Nxd1 23.Bxd6 Nc3 24.Nxc3 exd6 25.Nb5 Rfd8 26.Rfc1 Ne8 27.a4 Bh6 28.g3 g5 {#R}
0-1